Normal view
MARC view
- English essays
Entry Topical Term
001 - CONTROL NUMBER
- control field: 26996
003 - CONTROL NUMBER IDENTIFIER
- control field: IN-BhIIT
005 - DATE AND TIME OF LATEST TRANSACTION
- control field: 20260111173718.0
008 - FIXED-LENGTH DATA ELEMENTS
- fixed length control field: 260111|| aca||aabn | a|a d
040 ## - CATALOGING SOURCE
- Original cataloging agency: IN-BhIIT
- Transcribing agency: IN-BhIIT
150 ## - HEADING--TOPICAL TERM
- Topical term or geographic name entry element: English essays
- General subdivision: Modern Period
- General subdivision: 20th Century
670 ## - SOURCE DATA FOUND
- Source citation: Work cat.: (IN-BhIIT)14911: Orwell, George Author 2892, Books vs cigarettes /, 2008.